01729nam a2200301 a 450000500170000000800410001702000180005804100080007609200190008410000350010324501100013825000560024826000320030430000110033650001670034765300780051465300630059265300890065565300800074465300750082465300710089965300690097070000360103994200120107599900150108795201570110295201680125920240516131436.0100831s2012||||sp d f |||| 001 0 spa d a9788497843096 hspa c300.1l15sDEN1 aDenzin, Norman K.eComp.91995 aManual de investigación científica. bVol.2 Paradigmas y perspectivas en disputa /cNorman K. Denzin a1a ed.bTraducción Verónica Weinstabl de Iraola aBarcelona: bGedisa;c2011. a380 p. aDenzin, N. K. y Lincoln, Y. S. (Comps.). (2011). Manual de investigación cualitativa. Vol. 2 Paradigmas y perspectivas en disputa. (1a ed.). Barcelona : Gedisa. aControversias paradigmáticas, contradicciones y confluencias emergentes aEtnografía crítica. La política de la colaboración aInvestigación cualitativa feminista de principios del milenio. Desafios y perfiles aPapel activista moral de los estudiosos de la teoría crítica de la raza aReplanteo de la teoría crítica y de la investigación cualitativa aMetodologías para los estudios culturales. Un enfoque integrador aHumanismo crítico y la teoría queer. Vivir con las tensiones1 aLincoln, Yvonna S.91996eComp. 2ddccBK c1279d1279 00102ddc4070aBFMbBFMcREFd2013-03-19ePROMEDg370.00l0o300.1 15 DENp2816r2014-11-06tej.1w2013-03-19yBKzCOMPRA PROMED 2DA ETAPA, MARZO 2013 00102ddc4070aBFMbBFMcCRd2013-03-19ePROMEDg370.00l1o300.1 15 DENp2817r2014-11-06s2013-04-19tej.2w2013-03-19yBKzCOMPRA PROMED 2DA ETAPA, MARZO 2013